The Silk road to international marketing : profit and passion in global business.
| Main Author: | |
|---|---|
| Other Authors: | |
| Format: | Book |
| Published: |
Harlow:
Pearson Education,
2000.
|
| Subjects: |
| LEADER | 00466cam a2200157 7i4500 | ||
|---|---|---|---|
| 001 | 0000011925 | ||
| 005 | 20030331090000.0 | ||
| 020 | 0 | 0 | |a 0273642030 |
| 090 | 0 | 0 | |a B 848.848 |b AMB |
| 100 | 1 | 0 | |a Ambler |
| 245 | 1 | 0 | |a The Silk road to international marketing : |b profit and passion in global business. |
| 260 | 0 | 0 | |a Harlow: |b Pearson Education, |c 2000. |
| 300 | # | # | |a 223 p. |
| 650 | 0 | 0 | |a Marketing |
| 700 | 1 | 1 | |a Styles, |h Chris |
| 999 | |a B000011898 |b Book |c Book |e Business Information Centre | ||


